[Event "SVK-chT2D 2122"]
[Site "Slovakia"]
[Date "2022.03.27"]
[Round "9.5"]
[White "Smizansky, Jozef"]
[Black "Kovac, Stefan"]
[Result "1-0"]
[WhiteElo "1843"]
[BlackElo "1697"]
[PlyCount "34"]
[EventDate "2021.10.16"]
[EventType "team-tourn"]
[EventRounds "11"]
[EventCountry "SVK"]
[SourceTitle "EXT 2023"]
[Source "ChessBase"]
[SourceDate "2022.10.05"]
[SourceVersion "1"]
[SourceVersionDate "2022.10.05"]
[SourceQuality "1"]
[WhiteTeam "Spisska Nova Ves"]
[BlackTeam "Michalovce Zemplin II"]
[WhiteTeamCountry "SVK"]
[BlackTeamCountry "SVK"]

1. c4 c5 2. e3 Nc6 3. d4 cxd4 4. exd4 d5 5. cxd5 Qxd5 6. Nf3 a6 7. Be2 e6 8. 0-0 Nf6 9. Nc3 Qd7 10. Qa4 a5 11. Qb3 Be7 12. Rd1 0-0 13. Ne5 Qe8 14. Bf4 Nb8 15. Bf3 Qd8 16. Na4 Nfd7 17. Nxd7 Bxd7 1-0

[Event "SVK-chT2D 2122"]
[Site "Slovakia"]
[Date "2021.10.16"]
[Round "1.5"]
[White "Kostelnik, Peter"]
[Black "Kovac, Stefan"]
[Result "1-0"]
[WhiteElo "1957"]
[BlackElo "1721"]
[PlyCount "75"]
[EventDate "2021.10.16"]
[EventType "team-tourn"]
[EventRounds "11"]
[EventCountry "SVK"]
[SourceTitle "EXT 2023"]
[Source "ChessBase"]
[SourceDate "2022.10.05"]
[SourceVersion "1"]
[SourceVersionDate "2022.10.05"]
[SourceQuality "1"]
[WhiteTeam "Kosice Slavia TU IV"]
[BlackTeam "Michalovce Zemplin II"]
[WhiteTeamCountry "SVK"]
[BlackTeamCountry "SVK"]

1. d4 d5 2. c4 c6 3. Nc3 dxc4 4. a4 g6 5. e3 Bg7 6. Bxc4 Nf6 7. Nf3 0-0 8. h3 Nbd7 9. 0-0 Nb6 10. Bd3 h6 11. e4 Be6 12. Qe2 a5 13. Be3 Nh7 14. Rfd1 f6 15. d5 cxd5 16. exd5 Bf7 17. Rab1 Nd7 18. Nd4 Re8 19. Ne6 Qb8 20. Bf4 Ne5 21. Nb5 Bxe6 22. dxe6 g5 23. Bxe5 fxe5 24. Bg6 Rd8 25. Rd7 Rxd7 26. exd7 Nf8 27. Be8 Qd8 28. Qd3 Kh8 29. Rc1 Ne6 30. Qd5 Nf4 31. Qe4 Rb8 32. Rc7 b6 33. Qc6 Ne2+ 34. Kh2 e4 35. Rc8 Rxc8 36. dxc8Q Be5+ 37. g3 Qd1 38. Qxh6+ 1-0

[Event "SVK-chT1E 1920"]
[Site "Slovakia"]
[Date "2019.10.13"]
[Round "2.6"]
[White "Tropp, Frantisek"]
[Black "Kovac, Stefan"]
[Result "1-0"]
[WhiteElo "1999"]
[BlackElo "1759"]
[PlyCount "33"]
[EventDate "2019.10.12"]
[EventType "team-tourn"]
[EventRounds "11"]
[EventCountry "SVK"]
[SourceTitle "CBM 193 Extra"]
[Source "ChessBase"]
[SourceDate "2020.01.31"]
[SourceVersion "1"]
[SourceVersionDate "2020.01.31"]
[SourceQuality "1"]
[WhiteTeam "Liptov Chess School II"]
[BlackTeam "Michalovce Zemplin"]
[WhiteTeamCountry "SVK"]
[BlackTeamCountry "SVK"]

1. e4 c5 2. c3 Nc6 3. d4 cxd4 4. cxd4 d5 5. exd5 Qxd5 6. Nf3 g6 7. Nc3 Qa5 8. d5 Nb4 9. Bb5+ Bd7 10. Bxd7+ Kxd7 11. Ne5+ Ke8 12. 0-0 Nf6 13. Qb3 Nbxd5 14. Qxb7 Nb6 15. Qc6+ Nfd7 16. Nxd7 Rc8 17. Nf6+ 1-0

[Event "SVK-chT2D 0607"]
[Site "Slovakia"]
[Date "2006.12.16"]
[Round "5.4"]
[White "Kovac, Stefan"]
[Black "Sutak, Andrej"]
[Result "0-1"]
[WhiteElo "1627"]
[BlackElo "2032"]
[PlyCount "108"]
[EventDate "2006.10.14"]
[EventType "team-tourn"]
[EventRounds "11"]
[EventCountry "SVK"]
[SourceTitle "EXT 2008"]
[Source "ChessBase"]
[SourceDate "2007.11.25"]
[SourceVersion "1"]
[SourceVersionDate "2007.11.25"]
[SourceQuality "1"]
[WhiteTeam "Michalovce Zemplin III"]
[BlackTeam "Humenne Reinter"]
[WhiteTeamCountry "SVK"]
[BlackTeamCountry "SVK"]

1. c4 c5 2. Nc3 Nf6 3. Nf3 e6 4. d3 d5 5. cxd5 exd5 6. Bg5 Be7 7. g3 d4 8. Bxf6 gxf6 9. Ne4 f5 10. Ned2 Nc6 11. Bg2 Be6 12. Qa4 Qd7 13. Nc4 0-0 14. 0-0 Rab8 15. Qd1 Bf6 16. b3 Rfe8 17. Rc1 Nb4 18. a3 Na2 19. Rc2 Nc3 20. Qe1 b5 21. Na5 Qc7 22. b4 c4 23. dxc4 Bxc4 24. Nxc4 Qxc4 25. e3 d3 26. Rd2 Ne2+ 27. Kh1 Bc3 28. Qb1 Bxd2 29. Nxd2 Qc2 30. Nb3 Red8 31. Bf3 Rbc8 32. Nc5 Nc3 33. Qa1 d2 34. Bd1 Nxd1 35. Rxd1 a5 36. Kg2 axb4 37. axb4 Qc4 38. Qb2 Qd5+ 39. f3 Ra8 40. Nb3 Qd3 41. Kf2 Re8 42. e4 fxe4 43. fxe4 Rxe4 44. Rxd2 Qe3+ 45. Kg2 Rxb4 46. Rf2 Rxb3 47. Qf6 Qe4+ 48. Kh3 Qe6+ 49. Kh4 Ra4+ 50. Kg5 Rg4+ 51. Kh5 Qxf6 52. Rxf6 Rg6 53. Rf4 Rb2 54. Rh4 Rc2 0-1